书目信息 |
| 题名: |
国际工业产品生态设计100例
|
|
| 作者: | 巴尔贝罗 , 科佐 著 ;宫晓东 , 赵玫 译 | |
| 分册: | ||
| 出版信息: | 北京 中国建筑工业出版社 2011 |
|
| 页数: | 349页 | |
| 开本: | 30cm | |
| 丛书名: | ||
| 单 册: | ||
| 中图分类: | TB472-64 | |
| 科图分类: | ||
| 主题词: | 生态型--工业产品--设计--世界--图集 | |
| 电子资源: | ||
| ISBN: | 978-7-112-13645-2 | |
| 000 | 01131nam0 2200265 450 | |
| 001 | 0100004386 | |
| 005 | 20191104144932.81 | |
| 010 | @a978-7-112-13645-2@dCNY198.00 | |
| 100 | @a20120409d2011 em y0chiy50 ea | |
| 101 | 2 | @achi@aeng@ager@beng@cita |
| 102 | @aCN@b110000 | |
| 105 | @aa z 000yy | |
| 200 | 1 | @a国际工业产品生态设计100例@f(意)西尔维娅·巴尔贝罗(Silvia Barbero),(意)布鲁内拉·科佐(Brunella Cozzo)著@g宫晓东,赵玫译@Aguo ji gong ye chan pin sheng tai she ji 100 li |
| 210 | @a北京@c中国建筑工业出版社@d2011 | |
| 215 | @a349页@c图@d30cm | |
| 305 | @a德国Tandem Veriag GmbH授权出版 | |
| 330 | @a本书从家用电器到交通工具,从服装到家居用品,从包装到广告宣传,这100多件产品分为八类,展示出目前国际艺术设计领域在可持续设计方面所取得的惊人成果。 | |
| 606 | 0 | @a生态型@x工业产品@x设计@y世界@j图集 |
| 690 | @aTB472-64@v5 | |
| 701 | 0 | @c(意)@a巴尔贝罗@c(女,Barbero, Silvia)@4著@Aba er bei luo |
| 701 | 0 | @c(意)@a科佐@c(女,Cozzo, Brunella)@4著@Ake zuo |
| 702 | 0 | @a宫晓东@c(女)@4译@Agong xiao dong |
| 702 | 0 | @a赵玫@c(女)@4译@Azhao mei |
| 801 | 0 | @aCN@c20160515 |
| 905 | @a河南城建学院图书馆@dTB472-64@eB020 | |
| 国际工业产品生态设计100例/(意)西尔维娅·巴尔贝罗(Silvia Barbero),(意)布鲁内拉·科佐(Brunella Cozzo)著/宫晓东,赵玫译.-北京:中国建筑工业出版社,2011 |
| 349页:图;30cm |
| ISBN 978-7-112-13645-2:CNY198.00 |
| 本书从家用电器到交通工具,从服装到家居用品,从包装到广告宣传,这100多件产品分为八类,展示出目前国际艺术设计领域在可持续设计方面所取得的惊人成果。 |
| ● |
| 相关链接 |
|
|
|
正题名:国际工业产品生态设计100例
索取号:TB472-64/B020
 
预约/预借
| 序号 | 登录号 | 条形码 | 馆藏地/架位号 | 状态 | 备注 |
| 1 | 1284916 | 212849168 | 自科库501/501自科库 17排2列4层/ [索取号:TB472-64/B020] | 在馆 | |
| 2 | 1448418 | 214484182 | 自科二线504/504自科库 41排5列4层/ [索取号:TB472-64/B020] | 在馆 | |
| 3 | 1448420 | 214484208 | 自科库501/501自科库 17排2列4层/ [索取号:TB472-64/B020] | 在馆 | |
| 4 | 1448421 | 214484217 | 自科库501/501自科库 17排2列4层/ [索取号:TB472-64/B020] | 在馆 | |
| 5 | 1448422 | 214484226 | 自科二线504/504自科库 41排5列4层/ [索取号:TB472-64/B020] | 在馆 | |
| 6 | 1448423 | 214484235 | 期刊室512/501自科库 17排1列3层/ [索取号:TB472-64/B020] | 在馆 | |
| 7 | 1448425 | 214484253 | 自科二线504/504自科库 41排5列4层/ [索取号:TB472-64/B020] | 在馆 |